000 00733nam a2200265Ia 4500
003 OSt
005 20220912151226.0
006 a|||||r|||| 00| 0
007 ta
008 220909b |||||||| |||| 00| 0 eng d
024 _a40386
037 _cTextual
040 _aCSL
_beng
_cCSL
041 _aeng
082 _aE:218, M3
100 _aHalile J M Ed.
245 0 _aMolecular based study of fluids
260 _aWashington
_bAmerican Chemical Society
_c1983
300 _avii, 523p.
_ccm.
490 _aAdvanced in chemistry series; 204
650 _aMolecular chemsitry
700 _a Mansoori G A Ed.
942 _hE:218, M3
_cTEXL
_2CC
999 _c63964
_d63964